Statistiche per Capitali del Mondo - Rotta misteriosa

Clicka qui per fare il quiz!

Statistiche generali

  • Questo quiz è stato fatto 2.129 volte
  • Il punteggio medio è 6 su 35

Risposte nella Mappa

Le risposte nella mappa del quiz sottostante sono codificate secondo una scala di colori dal rosso al verde in base alla % di persone che hanno risposto correttamente.
 

Statistiche sulle risposte

#Capital% Corretto
PartenzaMosca
99%
1Ankara
60%
2Teheran
48%
3Kabul
42%
4Kuwait City
19%
6Atene
18%
5Il Cairo
18%
8Londra
18%
7Madrid
18%
9Oslo
18%
10Reykjavík
18%
11Tegucigalpa
16%
12Georgetown
15%
14Luanda
15%
13Quito
15%
ArrivoCittà del Capo
14%
15Giuba
13%
16Victoria
11%
17Abu Dhabi
10%
19Bangkok
10%
20Manila
10%
18Nuova Delhi
10%
29Antananarivo
9%
28Malé
9%
22Pechino
9%
25Port Moresby
9%
27Singapore
9%
23Taipei
9%
24Tokyo
9%
21Ulaanbaatar
9%
26Wellington
9%
31Asunción
8%
30Dodoma
8%
33Santiago
8%
32Sucre
8%

Distribuzione punteggi

Percentile per numero di risposta

Percentuale di utenti per punteggio

I tuoi punteggi nel tempo

Non hai fatto questo quiz